|
|
|
|
| LEADER |
00000nab a2200000 ar4500 |
| 001 |
vtls009308732 |
| 003 |
SK-MaSNL |
| 005 |
20260303054525.0 |
| 008 |
080703c1976 xo wr|||||||||000 b|slo |
| 015 |
|
|
|a SNBRB1976
|2 snkbucl
|
| 038 |
|
|
|a SNKBUCL
|
| 040 |
|
|
|a SNKBUCL
|b slo
|c SNKBUCL
|e AACR2
|
| 041 |
0 |
|
|a slo
|
| 044 |
|
|
|a xo
|c SK
|
| 080 |
|
|
|a 798.2.032.2
|2 2001
|
| 100 |
1 |
|
|a Vilimovský, Zdeněk
|4 aut
|9 5400
|
| 245 |
1 |
0 |
|a Letné olympijské hry '76
|b (Veľká cena na OH '76)
|c Z. Vilimovský
|
| 300 |
|
|
|b Obr.
|
| 611 |
2 |
7 |
|a Letné olympijské hry
|n (21. :
|d 1976 :
|c Montreal, Québec)
|2 snkbucl
|9 211482
|
| 650 |
0 |
7 |
|a jazdectvo
|2 snkbucl
|9 3225
|
| 773 |
0 |
|
|g Roč. 20, č. 12 (1976), s. 230-231
|
| 852 |
|
|
|a SNK
|b KIS3GCP
|
| 999 |
|
|
|c 1723621
|d 1725551
|